000 00334nam a2200169Ia 4500
003 IT-RoPAU
008 120407s9999 xx 000 0 und d
040 _aIT-RoPAU
040 _cIT-RoPAU
041 _aita
100 _aPaolo Brezzi
245 _aS. Leone Magno
300 _c cm
490 _v1
942 _cBK
999 _c15291
_d15291